000 00281nam a22001337a 4500
008 170405b xxu||||| |||| 00| 0 eng d
020 _a0721662056
041 _aeng
080 _a574
100 _a9
101 _aSHM
245 _aTHEORETICAL ECOLOGY
_cMAY, R.M
942 _2udc
_cBK
999 _c9750
_d9750